Mô phỏng phương pháp đảo ngược miền trong biến đổi wavelet đa tỷ lệ để xác định các thông số cơ bản của một trận động đất : Luận văn Thạc sĩ chuyên ngành: Vật lý lý thuyết và vật lý toán

Đề tài trình bày phương pháp phân tích sóng địa chất để xác định các thông số cơ bản của một trận động đất, phép biến đổi wavelet, mô phỏng xác định các thông số cơ bản của trận động đất bằng biến đổi wavelet rời rạc....

תיאור מלא

שמור ב:
מידע ביבליוגרפי
מחבר ראשי: Trần, Trọng Hữu
מחבר תאגידי: .
פורמט: ספר
שפה:Undetermined
יצא לאור: Cần Thơ Trường Đại học Cần Thơ 2014
נושאים:
תגים: הוספת תג
אין תגיות, היה/י הראשונ/ה לתייג את הרשומה!
Thư viện lưu trữ: Trung tâm Học liệu Trường Đại học Cần Thơ
LEADER 01317nam a2200229Ia 4500
001 CTU_193363
008 210402s9999 xx 000 0 und d
082 |a 530.8 
082 |b H566 
088 |a 604401 
100 |a Trần, Trọng Hữu 
110 |a . 
245 0 |a Mô phỏng phương pháp đảo ngược miền trong biến đổi wavelet đa tỷ lệ để xác định các thông số cơ bản của một trận động đất : 
245 0 |b Luận văn Thạc sĩ chuyên ngành: Vật lý lý thuyết và vật lý toán 
245 0 |c Trần Trọng Hữu ; Dương Hiếu Đẩu (Cán bộ hướng dẫn) 
260 |a Cần Thơ 
260 |b Trường Đại học Cần Thơ 
260 |c 2014 
520 |a Đề tài trình bày phương pháp phân tích sóng địa chất để xác định các thông số cơ bản của một trận động đất, phép biến đổi wavelet, mô phỏng xác định các thông số cơ bản của trận động đất bằng biến đổi wavelet rời rạc. 
650 |a Physical measurements,Phép đo vật lý 
904 |i Hải 
980 |a Trung tâm Học liệu Trường Đại học Cần Thơ